Capitals of the Southern Hemisphere Quiz Stats

Quiz not verified by Sporcle

Challenge
Share
Tweet
Embed
Score 0/40 Timer 08:00
0 Plays Today
Latitude Capital % Correct
35°18′SCanberra
96.9%
33°27′SSantiago
90.1%
41°17′SWellington
89.5%
34°36′SBuenos Aires
88.9%
15°48′SBrasilia
88.3%
12°03′SLima
87.7%
25°45′SPretoria
87%
34°53′SMontevideo
85.8%
16°30′SLa Paz
84%
0°15′SQuito
80.2%
25°17′SAsunción
79%
6°12′SJakarta
77.8%
17°52′SHarare
75.9%
22°34′SWindhoek
75.3%
1°17′SNairobi
75.3%
9°31′SPort Moresby
73.5%
8°50′SLuanda
73.5%
4°20′SKinshasa
73.5%
18°08′SSuva
72.8%
4°16′SBrazzaville
72.2%
Latitude Capital % Correct
25°58′SMaputo
71.6%
18°56′SAntananarivo
71%
4°37′SVictoria
68.5%
15°25′SLusaka
67.9%
26°19′SMbabane
67.3%
8°33′SDili
67.3%
11°45′SMoroni
66%
1°57′SKigali
66%
24°39′SGaborone
64.2%
6°10′SDodoma
63.6%
20°10′SPort Louis
62.3%
13°50′SApia
62.3%
29°19′SMaseru
61.7%
13°59′SLilongwe
61.7%
17°45′SPort Vila
59.9%
8°31′SFunafuti
58.6%
9°28′SHoniara
58%
3°23′SBujumbura
53.7%
21°08′SNukuʻalofa
50%
0°33′SYaren
45.7%

You're not logged in!

Compare scores with friends on all Sporcle quizzes.
Sign Up with Email
OR
Log In

You Might Also Like...

Show Comments

Extras

Top Quizzes Today


Score Distribution

Your Account Isn't Verified!

In order to create a playlist on Sporcle, you need to verify the email address you used during registration. Go to your Sporcle Settings to finish the process.